00725nam a2200241 a 4500001001300000003000900013005001700022008004100039020000800080082001300088100002500101245008100126260004100207300000900248500003500257505000800292650001900300700002500319902000800344942000700352952010900359999001500468nice12345678IN_TiNIC20260116011650.0050524s1930 lona grp 000 0 eng  ac000a266bMAI aMaitland Kirwan, J D aSunrise in Syriab Short History of the British Syrian Mission from 1860, 19 aLondonbBritish Syrian Missionc1930 a104p aincludes index and biblioraphy2 aIll aMissions-Syria1 aMaitland Kirwan, J D bSRS cBK 001040708StackRoom-aHMIbHMId2005-05-24g0.00l0o266 MAIp05504r2005-05-24v0.00w2005-05-24yBK c3255d3255